[Event "SUI-ch HT2"]
[Site "Leukerbad"]
[Date "2011.07.13"]
[Round "5"]
[White "Lehmann, Dominik"]
[Black "Guensberg, Alexander"]
[Result "1-0"]
[WhiteElo "1789"]
[BlackElo "1758"]
[PlyCount "77"]
[EventDate "2011.07.09"]
[EventType "swiss"]
[EventRounds "7"]
[EventCountry "SUI"]
[SourceTitle "EXT 2024"]
[Source "ChessBase"]
[SourceDate "2023.10.10"]
[SourceVersion "1"]
[SourceVersionDate "2023.10.10"]
[SourceQuality "1"]

1. e4 e5 2. Nf3 Nf6 3. Nxe5 d6 4. Nf3 Nxe4 5. Nc3 Nxc3 6. dxc3 Be7 7. Bf4 0-0 8. Qd2 Be6 9. 0-0-0 Nd7 10. Kb1 Nf6 11. Bd3 a5 12. h4 Qd7 13. h5 b5 14. h6 g6 15. Bg5 b4 16. Qf4 Nd5 17. Qd4 f6 18. Be4 c5 19. Qd3 Nxc3+ 20. bxc3 Bxa2+ 21. Kxa2 Qa4+ 22. Kb1 bxc3 23. Bd5+ Kh8 24. Qxc3 Rab8+ 25. Kc1 Qb4 26. Qxb4 cxb4 27. Be3 a4 28. Nd4 Bd8 29. Nc6 Rb5 30. Nxd8 Rxd8 31. Rhe1 Rc8 32. Bd4 Rxd5 33. Bxf6+ Kg8 34. Rxd5 b3 35. Rd2 a3 36. Kb1 Kf7 37. Bg7 a2+ 38. Kb2 Re8 39. Rxe8 1-0

[Event "Lugano New op 5th"]
[Site "Lugano"]
[Date "2011.04.22"]
[Round "1"]
[White "Guensberg, Alexander"]
[Black "Botta, Gabriele"]
[Result "0-1"]
[WhiteElo "1773"]
[BlackElo "2268"]
[PlyCount "116"]
[EventDate "2011.04.22"]
[EventType "swiss"]
[EventRounds "6"]
[EventCountry "SUI"]
[SourceTitle "CBM 142 Extra"]
[Source "ChessBase"]
[SourceDate "2011.06.27"]
[SourceVersion "1"]
[SourceVersionDate "2011.06.27"]
[SourceQuality "1"]

1. d4 Nf6 2. c4 c5 3. d5 e6 4. Nc3 exd5 5. cxd5 d6 6. e4 g6 7. f4 Bg7 8. Nf3 0-0 9. Bd3 Bg4 10. 0-0 a6 11. a4 Nbd7 12. h3 Bxf3 13. Qxf3 Rc8 14. Be3 c4 15. Bc2 Qc7 16. Rac1 Nc5 17. Rfd1 Rfe8 18. Bd4 Nfd7 19. Bxg7 Kxg7 20. Kh1 Qb6 21. Rb1 Nb3 22. Bxb3 Qxb3 23. f5 b5 24. fxg6 Ne5 25. Qf2 fxg6 26. axb5 axb5 27. Ra1 Rf8 28. Ra7+ Kg8 29. Qh4 Rf7 30. Rxf7 Nxf7 31. Qg4 Rf8 32. Qe2 Ne5 33. Rd2 b4 34. Nb5 Qg3 35. Nd4 Nd3 36. Nf3 Rxf3 37. gxf3 Qxh3+ 38. Kg1 Ne5 39. Kf2 Qh2+ 40. Ke3 Qg1+ 41. Qf2 Qc1 42. Kd4 Qxd2+ 43. Qxd2 Nxf3+ 44. Kxc4 Nxd2+ 45. Kxb4 Nxe4 46. Kb5 h5 47. Kc6 h4 48. b4 h3 49. b5 h2 50. b6 h1Q 51. b7 Qc1+ 52. Kb6 Qb2+ 53. Kc7 Qc3+ 54. Kd8 Qb4 55. Kc8 Qc5+ 56. Kd8 Qb5 57. Kc7 Qa5+ 58. Kd7 Nc5+ 0-1

[Event "SUI-ch op2"]
[Site "Luzern"]
[Date "1994.07.17"]
[Round "2"]
[White "Grass, Silvio"]
[Black "Guensberg, Alexander"]
[Result "0-1"]
[WhiteElo "1698"]
[BlackElo "1636"]
[PlyCount "50"]
[EventDate "1994.07.16"]
[EventType "swiss"]
[EventRounds "7"]
[EventCountry "SUI"]
[SourceTitle "EXT 1999"]
[Source "ChessBase"]
[SourceDate "1998.11.16"]
[SourceVersion "1"]
[SourceVersionDate "1998.11.16"]
[SourceQuality "1"]

1. d4 Nf6 2. c4 e5 3. dxe5 Ne4 4. Nf3 b6 5. Nbd2 Bb7 6. a3 d6 7. Nxe4 Bxe4 8. Bg5 Be7 9. Bxe7 Qxe7 10. exd6 cxd6 11. e3 0-0 12. Bd3 Bb7 13. 0-0 Nd7 14. Be2 Qf6 15. b3 Nc5 16. Nd4 Rfe8 17. Bf3 Ne4 18. Nb5 Rad8 19. Rc1 d5 20. Nc7 Re5 21. Bxe4 dxc4 22. Bxh7+ Kxh7 23. Qc2+ Be4 24. Qxc4 Bxg2 25. Qh4+ Qxh4 0-1